000 00520nam a22001817a 4500
003 URS
005 20250708091717.0
008 250708b |||||||| |||| 00| 0 eng d
040 _cURS
100 _aMarcouse, Ian.
_eauthor
245 _aFunky entrepreneurship /
_cIan Marcouse.
300 _apage 18 - 20
_c28 cm
336 _2rdacontent
_atext
_btxt
337 _2rdamedia
_aunmediated
_bn
338 _2rdacarrier
_avolume
_bnc
773 0 _082824
_975352
_oPIL-13541110-29-2
_tBusiness review
_x13541110
942 _2ddc
_cCR
999 _c83439
_d83438